| 000 | 00412nam a2200145 a 4500 | ||
|---|---|---|---|
| 005 | 20140414093844.0 | ||
| 008 | 090910s19uu xx uuu eng d | ||
| 050 |
_aVCD 791.43 _bKUB 2007 |
||
| 100 | _aJeturian, Jeffrey | ||
| 245 |
_aKubrador : _bthe bet collector / _cJeffrey Jeturian. |
||
| 260 |
_aPhilippines : _bParagon Home Video, _cc2007. |
||
| 650 | _aMotion pictures. | ||
| 942 | _cAVM | ||
| 999 |
_c109491 _d109491 |
||